ბათუმის შოთა რუსთაველის სახელმწიფო უნივერსიტეტის ბიბლიოთეკა

Blumgart's Surgery of the Liver, Biliary Tract and Pancreas : (ბიბ.ჩანაწერი № 53632)

000 -LEADER
fixed length control field 01049nam a2200265Ia 4500
001 - CONTROL NUMBER
control field 20679
003 - CONTROL NUMBER IDENTIFIER
control field GE_BSU
005 - DATE AND TIME OF LATEST TRANSACTION
control field 20221108160410.0
008 - FIXED-LENGTH DATA ELEMENTS--GENERAL INFORMATION
fixed length control field 181216s2017||||xx |||||||||||||| ||eng||
020 ## - INTERNATIONAL STANDARD BOOK NUMBER
International Standard Book Number 9780323340625x
040 ## - CATALOGING SOURCE
Transcribing agency GE_BSU
041 ## - LANGUAGE CODE
Language code of text/sound track or separate title geo
080 ## - UNIVERSAL DECIMAL CLASSIFICATION NUMBER
Universal Decimal Classification number 617.5 B-68
245 ## - TITLE STATEMENT
Title Blumgart's Surgery of the Liver, Biliary Tract and Pancreas :
Remainder of title Volume 1 /
Statement of responsibility, etc. Editor W. R. Jarnagin
250 ## - EDITION STATEMENT
Edition statement 6 th edition
264 ## - PRODUCTION, PUBLICATION, DISTRIBUTION, MANUFACTURE, AND COPYRIGHT NOTICE
Place of production, publication, distribution, manufacture Philadelfia :
Name of producer, publisher, distributor, manufacturer Elsevier,
Date of production, publication, distribution, manufacture, or copyright notice 2017.
300 ## - PHYSICAL DESCRIPTION
Extent 1053 p. :
Other physical details ill.;
Dimensions 29 cm.
653 ## - INDEX TERM--UNCONTROLLED
keyword Blumgart's Surgery of the Liver, Biliary Tract and Pancreas
653 ## - INDEX TERM--UNCONTROLLED
keyword Хирургия Блюмгарта в печени, билиарном тракте и поджелудочной железе.
653 ## - INDEX TERM--UNCONTROLLED
keyword მედიცინა
653 ## - INDEX TERM--UNCONTROLLED
keyword ღვიძლის, ბილიარული ტრაქტის და პანკრეასის ბლუმგარტის ქირურგია.
700 ## - ADDED ENTRY--PERSONAL NAME
Personal name Editor W. R. Jarnagin
9 (RLIN) 10315
942 ## - ADDED ENTRY ELEMENTS (KOHA)
Koha item type წიგნი
Source of classification or shelving scheme
ეგზემპლარები
Withdrawn status Lost status Source of classification or shelving scheme Damaged status Not for loan Permanent Location Current Location Shelving location Date acquired Cost, normal purchase price Full call number Barcode Date last seen Copy number Price effective from Koha item type Public note
          ბათუმის შოთა რუსთაველის სახელმწიფო უნივერსიტეტის მთავარი ბიბლიოთეკა ბათუმის შოთა რუსთაველის სახელმწიფო უნივერსიტეტის მთავარი ბიბლიოთეკა წიგნსაცავი 2018-12-17 537.00 617.5 B-68 53943 2018-12-17 53943 2018-12-17 წიგნი 537.00 GEL.